Intercultural concept of global products

Charakteristika a vymedzenie pojmu globalizácia so zreteľom k rozdielom v chápaní globálneho a interkultúrneho marketingu. Výhody a nevýhody globalizácie vo vzťahu k podniku, možnosti uplatňovania štandardizácie resp. adaptácie.

Guardado en:
Detalles Bibliográficos
Autor principal: Heczková, Miroslava
Otros Autores: Stoklasa, Michal
Formato: Capítulo de libro
Lenguaje:inglés
Materias:
Etiquetas: Agregar Etiqueta
Sin Etiquetas, Sea el primero en etiquetar este registro!

MARC

LEADER 00000naa a2200000 4500
001 0150694
005 20231128131211.6
041 0 |a eng 
044 |a CZ 
245 1 0 |a Intercultural concept of global products  |c Miroslava Heczková, Michal Stoklasa 
520 |a Charakteristika a vymedzenie pojmu globalizácia so zreteľom k rozdielom v chápaní globálneho a interkultúrneho marketingu. Výhody a nevýhody globalizácie vo vzťahu k podniku, možnosti uplatňovania štandardizácie resp. adaptácie. 
610 2 0 |a marketing 
610 2 0 |a podnik 
610 2 0 |a globalizácia 
610 2 0 |a marketing mix 
100 1 |a Heczková, Miroslava 
700 1 |a Stoklasa, Michal